Numbers : (Record no. 21200)
[ view plain ]
| 000 -LEADER | |
|---|---|
| fixed length control field | 01409cam a22003854a 4500 |
| 001 - CONTROL NUMBER | |
| control field | 14222436 |
| 003 - CONTROL NUMBER IDENTIFIER | |
| control field | OSt |
| 005 - DATE AND TIME OF LATEST TRANSACTION | |
| control field | 20260213105502.0 |
| 008 - FIXED-LENGTH DATA ELEMENTS--GENERAL INFORMATION | |
| fixed length control field | 060109s2006 ilu b 001 0 eng |
| 010 ## - LIBRARY OF CONGRESS CONTROL NUMBER | |
| LC control number | 2006000485 |
| 020 ## - INTERNATIONAL STANDARD BOOK NUMBER | |
| International Standard Book Number | 9781581343632 |
| Qualifying information | hc : alk. paper |
| 020 ## - INTERNATIONAL STANDARD BOOK NUMBER | |
| International Standard Book Number | 9781433535482 |
| Qualifying information | hdbd |
| 035 ## - SYSTEM CONTROL NUMBER | |
| System control number | 14222436 |
| 040 ## - CATALOGING SOURCE | |
| Original cataloging agency | DLC |
| Transcribing agency | DLC |
| Modifying agency | DLC |
| 042 ## - AUTHENTICATION CODE | |
| Authentication code | pcc |
| 050 00 - LIBRARY OF CONGRESS CALL NUMBER | |
| Classification number | BS1265.53 |
| Item number | .D84 2006 |
| 082 00 - DEWEY DECIMAL CLASSIFICATION NUMBER | |
| Classification number | 222/.1407 |
| Edition number | 22 |
| 100 1# - MAIN ENTRY--PERSONAL NAME | |
| Personal name | Duguid, Iain M. |
| 245 10 - TITLE STATEMENT | |
| Title | Numbers : |
| Remainder of title | God's presence in the wilderness / |
| Statement of responsibility, etc. | Iain M. Duguid, R. Kent Hughes, general editor. |
| 260 ## - PUBLICATION, DISTRIBUTION, ETC. (IMPRINT) | |
| Place of publication, distribution, etc. | Wheaton, Ill. : |
| Name of publisher, distributor, etc. | Crossway Books, |
| Date of publication, distribution, etc. | c2006. |
| 300 ## - PHYSICAL DESCRIPTION | |
| Extent | 399 p. ; |
| Dimensions | 24 cm. |
| 336 ## - CONTENT TYPE | |
| Content type term | text |
| Content type code | txt |
| Source | rdacontent |
| 337 ## - MEDIA TYPE | |
| Media type term | unmediated |
| Media type code | n |
| Source | rdamedia |
| 338 ## - CARRIER TYPE | |
| Carrier type term | volume |
| Carrier type code | nc |
| Source | rdacarrier |
| 440 #0 - SERIES STATEMENT/ADDED ENTRY--TITLE | |
| Title | Preaching the Word |
| 504 ## - BIBLIOGRAPHY, ETC. NOTE | |
| Bibliography, etc | Includes bibliographical references and index. |
| 630 00 - SUBJECT ADDED ENTRY--UNIFORM TITLE | |
| Uniform title | Bible. |
| Name of part/section of a work | Numbers |
| Form subdivision | Commentaries. |
| 655 #7 - INDEX TERM--GENRE/FORM | |
| Genre/form data or focus term | Commentaries. |
| Source of term | lcgft |
| Authority record control number | https://id.loc.gov/authorities/genreForms/gf2025026014 |
| 700 1# - ADDED ENTRY--PERSONAL NAME | |
| Personal name | Hughes, R. Kent, |
| Dates associated with a name | 1942- |
| 856 41 - ELECTRONIC LOCATION AND ACCESS | |
| Materials specified | Table of contents only |
| Uniform Resource Identifier | <a href="http://www.loc.gov/catdir/toc/ecip066/2006000485.html">http://www.loc.gov/catdir/toc/ecip066/2006000485.html</a> |
| 906 ## - LOCAL DATA ELEMENT F, LDF (RLIN) | |
| a | 7 |
| b | cbc |
| c | orignew |
| d | 1 |
| e | ecip |
| f | 20 |
| g | y-gencatlg |
| 942 ## - ADDED ENTRY ELEMENTS (KOHA) | |
| Source of classification or shelving scheme | Library of Congress Classification |
| Koha item type | General Collection |
| Withdrawn status | Lost status | Source of classification or shelving scheme | Not for loan | Home library | Current library | Shelving location | Date acquired | Source of acquisition | Inventory number | Total Checkouts | Full call number | Barcode | Date last seen | Copy number | Price effective from | Koha item type |
|---|---|---|---|---|---|---|---|---|---|---|---|---|---|---|---|---|
| Library of Congress Classification | Kabarak, Main Campus | Kabarak, Main Campus | General Stacks | 13/02/2026 | Donation | 2025/3502 | BS1265.53 .D84 2006 C.1 | 38496 | 13/02/2026 | C.1 | 13/02/2026 | General Collection |